Statistics for Top 20 Orioles: All-Time Home Run Leaders

Click here to take the quiz!

General Stats

  • This quiz has been taken 165 times
  • The average score is 10 of 20

Answer Stats

Home RunsAnswer% Correct
431Cal Ripken Jr.
98%
268Brooks Robinson
91%
179Frank Robinson
91%
253Chris Davis
87%
343Eddie Murray
82%
263Adam Jones
72%
303Boog Powell
63%
162Manny Machado
56%
223Rafael Palmeiro
56%
209Brady Anderson
55%
141Nick Markakis
39%
151Chris Hoiles
27%
182Ken Singleton
27%
158Melvin Mora
24%
126Paul Blair
21%
185Ken Williams
19%
123Lee May
16%
124Jim Gentile
12%
142Gus Triandos
9%
170Harlond Clift
5%

Score Distribution

Percentile by Number Answered

Percent of People with Each Score

Your Score History

You have not taken this quiz